grey's anatomy personnages - Statistiques

Statistiques générales
  • Ce quiz a été pris 1 896 fois
  • Le résultat moyen est 36 sur 97
Statistiques - réponses
Réponse % Correct
Meredith Grey
99%
Alex Karev
97%
Derek Shepherd
95%
George O'malley
95%
Cristina Yang
91%
Izzie Stevens
91%
Richard Webber
89%
Arizona Robbins
88%
Miranda Bailey
88%
Callie Torres
87%
Mark Sloan
87%
Lexie Grey
86%
Owen Hunt
85%
April Kepner
84%
Jackson Avery
84%
Amelia Shepherd
82%
Jo Wilson
82%
Addison Forbes-Montgomery
76%
Zola Grey-Shepherd
74%
Bailey Grey-Shepherd
73%
Preston Burke
70%
Teddy Altman
68%
Ellis Grey
67%
Ellis Grey-Shepherd
67%
Maggie Pierce
65%
Andrew De Luca
56%
Ben Warren
56%
Catherine Fox
55%
Stephanie Edwards
54%
Eli Lloyd
49%
Eli Stevens-Karev
49%
Sofia Robbins-Sloan-Torres
47%
Lea Murphy
43%
Erica Hahn
42%
Adele Webber
39%
Levi Schmitt
39%
Nathan Riggs
39%
Atticus "link" Lincoln
38%
Carina De Luca
37%
Denny Duquette
37%
Shane Ross
35%
Thatcher Grey
33%
Heather Brooks
30%
Megan Hunt
30%
Tuck Jones
30%
Nico Kim
29%
Tom Koracick
29%
Reed Adamson
27%
Nick Marsh
26%
Charles Percy
25%
Sam Bello
24%
Tucker Jones
24%
Henry Burton
23%
Molly Grey-Thompson
23%
Joe
22%
Leo Hunt
21%
Harper Avery
20%
Harriet Kepner-Avery
20%
Rose
20%
Samuel Kepner-Avery
20%
Liz Shepherd
19%
Sloan Riley
19%
Susan Grey
19%
Cormac Hayes
18%
Allison Hunt
17%
Nancy Shepherd
17%
Rebecca Pope
16%
Winston Ndugu
16%
Finn Dandridge
15%
Eliza Minnick
14%
Matthew Taylor
14%
Scout Shepherd-Lincoln
14%
Lucas Ripley
13%
Nicole Herman
13%
Taryn Helm
12%
Penelope Blake
11%
Robert Avery
11%
Paul Stadler
10%
Luna Wilson
9%
Louise O'malley
8%
Helen Karev
7%
Carolyn Shepherd
6%
Diane Pierce
6%
Evelyn Hunt
6%
Farouk Hunt
6%
Gary Clark
6%
Alexis Stevens-Karev
5%
Dahlia Qadri
5%
Karen Kepner
5%
Vic Hughes
5%
Vikram Roy
5%
Alana Cahill
4%
Isaac Cross
4%
Jason Myers
4%
Ruby Taylor
4%
Pruitt "pru" Miller
3%
Joey Philips
2%
Aucun quiz correspondant
Distribution des résultats
% des personnes avec chaque résultat
Percentile par nombre de réponses
Votre historique - résultats
Vous n’avez pas pris ce quiz